000 00709nam a2200241 i 4500
001 bg
100 1 _aJamróz, Adam
_d(1945- ).
245 1 0 _aWprowadzenie do prawoznawstwa /
_cAdam Jamróz.
260 _aWarszawa :
_bWydawnictwo Prawnicze LexisNexis,
_c2008.
300 _a255 s. ;
_c21 cm.
504 _aWykaz aktów prawnych s. 7-8.
650 9 _aPrawo
_xteoria
655 _aPodręczniki akademickie
020 _a9788373349643
040 _cBPK
041 _apol
044 _aPOL
080 _a340.12(075.8)
920 _a978-83-7334-964-3
942 _cKS
008 s pl f |000 0 pol
999 _c55835
_d55835
856 _uhttp://koha.tu.koszalin.pl/cgi-bin/koha/opac-detail.pl?biblionumber=55835
_yKatalog online BPK